000 01349nam a2200313 a 4500
003 BLK
005 20250215134640.0
007 ta
008 221104b bu |||||r|||| 00| | bu d
020 _a9786197470420
040 _aBLK
041 _aBUL
_cBUL
080 _9234387
_aМеждународни политически отношения. Световна политика. Международна политика. Дипломация
_b327
_z327
084 _aМ 22
100 _9496018
_aМалинов, Николай
245 _aРазговор за Палестина
_bпоглед върху историята на конфликта между араби и евреи
_cНиколай Малинов, Вихра Павлова, Валентин Радомирски
260 _9214016
_aСофия
_bНовата цивилизация
_c2024
300 _a144 с.
_c20 см
380 _a3
650 7 _9165558
_aПалестина
650 7 _aВоенни конфликти
_2
_9151085
650 0 _9247745
_aВъншна политика
700 _9496019
_aПавлова, Вихра
700 1 _9114314
_aРадомирски, Валентин
852 _bП
_c327/М 22 Н
856 _i0.00
_ldisable
942 _cKNG
_n0
944 _a30570
_cМоника Янева
_k30560
_lГеновева Генчева
999 _c521424
_d521424